000 00308nam a2200133Ia 4500
100 _aWilson /J.D/ Roger/C.M
942 _cBK
654 _aCarpentry
245 _aSimplified Carpentry Estimating
260 _bSimmons-Board Man.Pub
_aNew York
_c1975
082 _a694.1
300 _a358
546 _aENGLISH
999 _c26461
_d26461